000 00785nam a2200253Ia 4500
003 OSt
005 20220930070254.0
006 a|||||r|||| 00| 0
007 ta
008 220926b |||||||| |||| 00| 0 eng d
024 _a6774
037 _cTheses
040 _aCRL
_cCRL
_beng
041 _2eng
_aeng
100 _aSharma Pushpa
110 _aUniversity of Delhi. Faculty of Science. Department of Chemistry
_9519399
245 0 _aStudy of new flavonid componemts of the leaves of Pongamia glabra
260 _c1975
650 _aCHEMISTRY
700 _a Prof T R Seshadri Supervisor
700 _aUniversity of Delhi. Faculty of Science. Department of Chemistry
_9519402
942 _cDIS
_2CC
999 _c860695
_d860695